Five star cuisine / (Record no. 17719)

MARC details
000 -LEADER
fixed length control field 00665nam a22002057a 4500
005 - DATE AND TIME OF LATEST TRANSACTION
control field 20081031150753.0
008 - FIXED-LENGTH DATA ELEMENTS--GENERAL INFORMATION
fixed length control field 081031t xxu||||| |||| 00| 0 eng d
010 ## - LIBRARY OF CONGRESS CONTROL NUMBER
LC control number ENG-84385
020 ## - INTERNATIONAL STANDARD BOOK NUMBER
International Standard Book Number 8176489184
020 ## - INTERNATIONAL STANDARD BOOK NUMBER
Terms of availability 595.00 (hb)
035 ## - SYSTEM CONTROL NUMBER
System control number EN-67918
082 ## - DEWEY DECIMAL CLASSIFICATION NUMBER
Classification number 641.555
100 ## - MAIN ENTRY--PERSONAL NAME
Personal name Chakravarti, V K
245 ## - TITLE STATEMENT
Title Five star cuisine /
Statement of responsibility, etc by B K Chakravarti
260 ## - PUBLICATION, DISTRIBUTION, ETC. (IMPRINT)
Place of publication, distribution, etc New Delhi
Name of publisher, distributor, etc A P H Publishing
260 ## - PUBLICATION, DISTRIBUTION, ETC. (IMPRINT)
Date of publication, distribution, etc n.d.
300 ## - PHYSICAL DESCRIPTION
Extent xi,197p
Dimensions 24cm
942 ## - ADDED ENTRY ELEMENTS (KOHA)
Source of classification or shelving scheme Dewey Decimal Classification
Koha item type English Books
Classification part 641.555
Call number suffix CHA
Holdings
Withdrawn status Lost status Source of classification or shelving scheme Damaged status Not for loan Home library Current library Date acquired Cost, normal purchase price Total Checkouts Full call number Barcode Date last seen Cost, replacement price Price effective from Koha item type
    Dewey Decimal Classification   Not For Loan D.B.Act.Division D.B.Act.Division 02/03/2007 595.00   641.555 CHA EN-67918 04/11/2008 595.00 04/11/2008 English Books

© Delhi Public Library
Hit Counter
free hit counter